La teoría principalista de los derechos fundamentales : estudios sobre la teoría de los derechos fundamentales de Robert Alexy (Record no. 732)

MARC details
000 -LEADER
campo de control de longitud fija 00384nam a2200121Ia 4500
005 - FECHA Y HORA DE LA ÚLTIMA TRANSACCIÓN
campo de control 20251028132338.0
008 - DATOS DE LONGITUD FIJA--INFORMACIÓN GENERAL
campo de control de longitud fija 251020t2011||||xx |||||||||||||| ||spa||
041 ## - CÓDIGO DE IDIOMA
Código de lengua del texto/banda sonora o título independiente spa
100 ## - ENTRADA PRINCIPAL--NOMBRE DE PERSONA
Nombre de persona Sieckmann, Jan - R. (ed.)
245 #0 - MENCIÓN DEL TÍTULO
Título La teoría principalista de los derechos fundamentales : estudios sobre la teoría de los derechos fundamentales de Robert Alexy
260 ## - PUBLICACIÓN, DISTRIBUCIÓN, ETC.
Fecha de publicación, distribución, etc. 2011
942 ## - ELEMENTOS DE ENTRADA SECUNDARIOS (KOHA)
-- LB
Tipo de ítem Koha Libro
Holdings
Estatus retirado Estado de pérdida Fuente de la clasificación o esquema de estantería Estado de daño No para préstamo Colección Biblioteca de origen Biblioteca actual Fecha de adquisición Total de préstamos Signatura topográfica completa Código de barras Visto por última vez Copia número Precio de reemplazo Tipo de ítem Koha
    Clasificación Decimal Dewey     Derecho Central Central 20/10/2025   340.1/S52 0001983 20/10/2025 Ej.1 20/10/2025 Libro
    Clasificación Decimal Dewey     Derecho Central Central 20/10/2025   340.1/S52 0001984 20/10/2025 Ej.2 20/10/2025 Libro
    Clasificación Decimal Dewey     Derecho Central Central 20/10/2025   340.1/S52 0001985 20/10/2025 Ej.3 20/10/2025 Libro